000 00609nam a2200193Ia 4500
003 GCL
008 140319s9999 xx 000 0 ara d
040 _aGCL /
_cGCL
082 0 4 _a310
_bا ت
100 1 _aاحمد عباده سرحان
245 1 0 _aتصميم التجارب وتحليلها /
_cاحمد عباده سرحان
260 _a[S.N] :
_bلجنة الاعلام والدراسات المستقبلية ،
_c1989
300 _a313 ص
490 _a
650 0 4 _aالعلم
650 0 4 _aالاحصاء التطبيقى
650 0 4 _aالاهداف الاحصائية
942 _2ddc
_cBK
999 _c38589
_d38589